[Event "Hofheim Spring op-C 2nd"]
[Site "Hofheim"]
[Date "2014.04.24"]
[Round "3"]
[White "Schoengarth, Til"]
[Black "Kort, Alfred"]
[Result "0-1"]
[WhiteElo "1047"]
[BlackElo "1301"]
[PlyCount "88"]
[EventDate "2014.04.23"]
[EventType "swiss"]
[EventRounds "7"]
[EventCountry "GER"]
[SourceTitle "CBM 160 Extra"]
[Source "ChessBase"]
[SourceDate "2014.07.01"]
[SourceVersion "1"]
[SourceVersionDate "2014.07.01"]
[SourceQuality "1"]

1. e4 e5 2. Nf3 Nc6 3. Bc4 Be7 4. d3 h6 5. Nc3 Nf6 6. 0-0 d6 7. h3 Na5 8. b3 Nxc4 9. bxc4 c6 10. d4 exd4 11. Nxd4 c5 12. Nf5 Bxf5 13. exf5 0-0 14. Nd5 Nxd5 15. Qxd5 Qd7 16. Re1 Bf6 17. Rb1 b6 18. Bb2 Bxb2 19. Rxb2 Rfe8 20. Rbb1 Rad8 21. Qf3 Re5 22. f6 Rf5 23. Re7 Rxf3 24. Rxd7 Rxd7 25. gxf3 gxf6 26. Rd1 Kg7 27. Kg2 a6 28. a4 a5 29. Kg3 Kf8 30. Rb1 Rb7 31. Re1 Re7 32. Re4 Re5 33. Rxe5 fxe5 34. f4 f5 35. fxe5 dxe5 36. f3 Kf7 37. Kh4 Kg6 38. f4 exf4 39. c3 Kf6 40. Kh5 f3 41. h4 f2 42. Kxh6 f1Q 43. h5 Qg1 44. Kh7 Qg7# 0-1